| 000 | 01671nam a2200373 i 4500 | ||
|---|---|---|---|
| 001 | 195530 | ||
| 003 | SpMaBN | ||
| 005 | 20250711063128.0 | ||
| 008 | 240619s2003 sp | ||| ||spa | ||
| 016 | 7 |
_abimoBNE20030533449 _2SpMaBN |
|
| 017 |
_aM 8754-2003 _bOficina Depósito Legal Madrid |
||
| 020 | _a8473563425 | ||
| 035 | _a(OCoLC)52046594 | ||
| 040 |
_aSpMaBN _bspa _cSpMaBN _erdc _dES-MaACL |
||
| 080 | _a659:334.7 | ||
| 100 |
_aOrdozgoiti de la Rica, Rafael _0XX1640903 _9237120 _eaut |
||
| 245 | 1 | 0 |
_aImagen de marca / _cRafael Ordozgoiti de la Rica, Ignacio Pérez Jiménez |
| 260 |
_aMadrid : _bESIC, _c2003. |
||
| 300 |
_a216 páginas : _bilustrado, gráficos ; _c24 cm |
||
| 336 |
_2rdacontent _atexto |
||
| 337 |
_2rdamedia _asin mediación |
||
| 338 |
_2rdacarrier _avolumen |
||
| 520 | _aEste libro explica cómo se desarrollan las percepciones , las imágenes de marca sobre productos, servicios, empresas e instituciones. Lo hacen en base a ejemplos reales, muchos de ellos conocidos desde " la trinchera", vividos por los autores en directo a lo largo de su carrera profesional. | ||
| 650 | 0 |
_aImagen corporativa _2embne _9237146 |
|
| 700 | 1 |
_aPérez Jiménez, Ignacio _9237147 _eaut |
|
| 852 |
_aES-MaACL _cDEPOJ _jN-10037 _hDonación: Helena de la Joya _xEncuadernación rústica _9206184 |
||
| 903 |
_aJoya, Helena de la _ednr |
||
| 942 |
_cMONOGRAFIA _n0 |
||
| 999 |
_c195530 _d195530 |
||